Deductions from the world war (Record no. 552226)

000 -LEADER
fixed length control field 00272nam a22001097a 4500
082 ## - DEWEY DECIMAL CLASSIFICATION NUMBER
Classification number 640,4
Author Mark FRE
245 ## - TITLE STATEMENT
Title Deductions from the world war
Statement of responsibility, etc. Loringhoven baron von freytag
300 ## - PHYSICAL DESCRIPTION
Extent 176p.:
Other physical details ill
526 ## - STUDY PROGRAM INFORMATION NOTE
Program name 0
Interest level 0
Reading level 0
Title point value 6404_FRE
650 ## - SUBJECT ADDED ENTRY--TOPICAL TERM
Topical term or geographic name entry element MCE
9 (RLIN) 379
942 ## - ADDED ENTRY ELEMENTS (KOHA)
Source of classification or shelving scheme
Koha item type Book
Holdings
Withdrawn status Lost status Source of classification or shelving scheme Damaged status Not for loan Permanent Location Current Location Date acquired Total Checkouts Full call number Barcode Date last seen Price effective from Koha item type
          Military College of Engineering (MCE) Military College of Engineering (MCE) 01/12/2015   640,4 FRE MCE-ECD/ 21 01/12/2015 01/12/2015 Book
© 2023 Central Library, National University of Sciences and Technology. All Rights Reserved.